Band NuMetal/Metal - Statistiques

Statistiques générales
  • Ce quiz a été pris 3 fois
  • Le résultat moyen est 6 sur 9
Statistiques - réponses
Par images Réponse % Correct
LimpBizkit
100%
Shaka ponk
100%
Slipknot
100%
System of a down
100%
Linkin Park
67%
Rammstein
67%
Korn
33%
Motorhead
33%
Behemoth
0%
Aucun quiz correspondant
Distribution des résultats
% des personnes avec chaque résultat
Percentile par nombre de réponses
Votre historique - résultats
Vous n’avez pas pris ce quiz